000 00861nam a2200253 a 4500
001 74317
003 BD-RjUL
005 20211209082533.0
008 180704s2017 b a|||| |||| 00| 0dben d
020 _a9789849240266
_cTk.200.00
035 _a(BD-RjUL)74535
040 _aBD-RjUL
_beng
_cBD-RjUL
041 _aben
082 _223
_a891.44092
_bHAH 2017
100 1 _aহক, সৈয়দ শামসুল
_9221634
245 1 0 _aহে বৃদ্ধ সময় /
_cসৈয়দ শামসুল হক
260 _aঢাকা ঃ
_bপ্রথমা ,
_c২০১৭
300 _a৯৫ পৃ. ঃ
_bচিত্র ;
_c২২ সেমি.
600 _aহক, সৈয়দ শামসুল
_9221638
600 _aHaq, Syed Shamsul
_9221639
650 _aজীবনী
_9221636
650 _aBiography
_9221637
942 _2ddc
_cBK
999 _c74317
_d74317